Länder mit den meisten übergewichtigen Personen - Statistiken

Allgemein
  • Dieses Quiz wurde 233 mal gespielt
  • Das Durchschnittsergebnis liegt bei 13 aus 25
Antwortstatistiken
Platz Land Anteil in Prozent Kontinent % Korrekt
17. Vereinigte Staaten 33,7% Nordamerika
98%
11. Fidschi 36,4% Ozeanien
75%
7. Tuvalu 40,3% Ozeanien
67%
9. Mikronesien 37,2% Ozeanien
65%
3. Samoa 43,4% Ozeanien
64%
14. Vanuatu 35,4% Ozeanien
64%
1. Palau 47,6% Ozeanien
63%
4. Tonga 43,3% Ozeanien
62%
5. Marshallinseln 42,8% Ozeanien
60%
2. Nauru 45,6% Ozeanien
60%
16. Saudi-Arabien 34,7% Asien
53%
6. Katar 42,3% Asien
52%
25. Türkei 29,5% Asien
52%
13. Bahamas 36,2% Nordamerika
51%
9. Vereinigte Arabische Emirate 37,2% Asien
50%
20. Barbados 31,3% Nordamerika
49%
8. Kuwait 39,7% Asien
48%
22. Oman 30,9% Asien
48%
15. Bahrain 35,1% Asien
45%
21. Trinidad und Tobago 31,1% Nordamerika
45%
22. Antigua und Barbuda 30,9% Nordamerika
40%
24. Jordanien 30,5% Asien
34%
19. Libanon 31,9% Asien
34%
25. Andorra 29,5% Europa
20%
18. Libyen 33,1% Afrika
18%
Keine übereinstimmenden Quizze gefunden
Verteilung der Resultate
Anzahl Personen mit jedem Resultat
Perzentil nach korrekt beantworteten Fragen
Ihre Resultats-Entwicklung
Sie haben dieses Quiz noch nicht gespielt